| 000 | 00617nam a22001937a 4500 | ||
|---|---|---|---|
| 005 | 20260115101717.0 | ||
| 008 | 240514b ||||| |||| 00| 0 eng d | ||
| 020 | _a8170304946 | ||
| 040 | _cSSBUL | ||
| 082 | _a615.8 | ||
| 100 | 1 |
_aKneipp, Sebastian. _940143 |
|
| 245 | 1 |
_aHealing and treatment of diseases through water / _cSebastian Kneipp. |
|
| 264 |
_aDelhi : _bSri Satguru Publications, _c1996. |
||
| 300 |
_axxv, 272 pages : _billustrations ; _c23 cm. |
||
| 440 |
_a Indian medical science series ; _nno. 19. _940144 |
||
| 500 | _aS-KN: Ashin Khemānanda | ||
| 650 |
_aHydrotherapy _940145 |
||
| 942 |
_2ddc _cBK1 |
||
| 999 |
_c34073 _d34073 |
||